01253nam a2200193 a 45000010005000000030005000050050017000100080041000270400020000681100088000882450229001762600028004053000041004335050384004746500056008586500038009147100042009528560065009945821CDMR20240227102814.0130130s ||||||||||||||||||||||||||||d aCDMRbcatcCDMR2 aUniversitat Autònoma de Barcelonab -- Facultat de Ciències de la Comunicació 0aDecàleg de bones pràctiques de la comunicació local pública h[Recurs electrònic]c/ UAB. Facultat de Ciències de la Comunicació, Col·legi de Periodistes de Catalunya ; hi col·labora: Diputació de Barcelona a[S.l. : bs.n., c2003] a[8 pàgines, fulletó desplegable] aL'any 2003, en el marc de la segona edició del Postgrau de Comunicació local: Producció i gestió organitzat pel Laboratori de Comunicació Pública de la UAB, es va elaborar el Decàleg de Bones Pràctiques de la Comunicació Local Pública, com uns principis bàsics amb la recomanació que siguin respectats per part dels mitjans locals de titularitat pública04aMitjans de comunicació de massa localszCatalunya04aÈtica periodísticazCatalunya2 aCol·legi de Periodistes de Catalunya uhttps://omeka.periodistes.cat/items/show/655yAccés lliure